Squadre nazionali che hanno vinto la Coppa del Mondo - Statistics

Statistiche generali
  • Questo quiz è stato fatto 75 volte
  • Il punteggio medio è 8 su 8
Statistiche sulle risposte
Vittorie Rappresentazione % Corretto
3 Argentina
100%
5 Brasile
100%
4 Germania
100%
4 Italia
100%
2 Francia
99%
1 Spagna
97%
2 Uruguay
91%
1 Inghilterra
87%
Nessun quiz corrispondente trovato
Distribuzione punteggi
Percentuale di utenti per punteggio
Percentile per numero di risposta
I tuoi punteggi nel tempo
Non hai fatto questo quiz